Word Ladder: Weaponry Quiz Stats

 Plays Quiz Updated May 20, 2012

Support Sporcle.
Go Orange.
Score 0/28 Timer 03:00
0 Plays Today
Clue Answer % Correct
German Netflix thrillerDARK
96%
Gas holderTANK
92.4%
Shoot a gunFIRE
91.7%
2019 Khalid hitTALK
91.7%
Lady horseMARE
90.7%
RodentsMICE
89.7%
Partner of Howard and HowardFINE
89.2%
Disagreeably dampDANK
88%
U2 lead singerBONO
87.6%
Explosive deviceBOMB
87%
Medieval clubMACE
86.7%
Shot from a blowpipeDART
84.5%
Genuine: ____ FideBONA
84.4%
Explosive deviceMINE
82.5%
Clue Answer % Correct
Trade centerMART
82.2%
Famous firearm .45COLT
81.7%
The ____ of the unknown soldierTOMB
80.9%
Place for those raised by wolves?ROME
80.9%
Popular fizzy drinkCOLA
79.9%
An actor's portrayalROLE
77.6%
Pitching errorBALK
76%
Large and scholarly bookTOME
75.8%
Shot from a crossbowBOLT
71.3%
Weighted ropeBOLA
71.1%
Caramel chocolate candy ROLO
70.9%
Shot from a cannon?BALL
69.4%
Machete-like knifeBOLO
67.7%
Seed vessel or podBOLL
55.7%

Today's Daily Dose

Missing Word
'80s Musicals

Word Ladder
Hereditary

Get the Picture
Food Names

From the Vault

South American Cities Spelling Bee

by Pilgab

Geography 45s
Unfortunately, buzzing around and making honey probably won't help you spell.
Remove Ads.
Support Sporcle.
Get the best of Sporcle when you Go Orange. This ad-free experience offers more features, more stats, and more fun while also helping to support Sporcle. Thank you for becoming a member.

Show Comments

Extras

Top Quizzes Today


Score Distribution

Your Account Isn't Verified!

In order to create a playlist on Sporcle, you need to verify the email address you used during registration. Go to your Sporcle Settings to finish the process.

Report this User

Report this user for behavior that violates our Community Guidelines.

Details: